000 00449nam a22001697a 4500
003 SISC
005 20160215131020.0
008 130827t xxu||||| |||| 00| 0 eng d
020 _a9780099466406
050 _aRA 778
_b.L868 1984
082 _aHS 646.7042
_b L48 1984
245 _aWomen & Beauty /
_cLoren, Sophia
260 _aLondon :
_b Century Arrow Book,
_cc1984.
300 _a217p. :
_bill. ;
_c20. cm
942 _2lcc
_cBK
999 _c9549
_d9549